Transmutation potential estimate of reactors VVER - 440

Na minha lista:
Detalhes bibliográficos
Autor principal: Šebian, Vladimír, 1977- (Author)
Outros Autores: Dařílek, Petr (Thesis advisor), Nečas, Vladimír, 1954- (Thesis advisor)
Formato: Manuscrito Livro
Idioma:inglês
Publicado em: Bratislava : STU v Bratislave FEI, 2000
Assuntos:
Tags: Adicionar Tag
Sem tags, seja o primeiro a adicionar uma tag!

MARC

LEADER 00000ntm a22000003a 4500
001 stu56574
005 20160908113058.0
008 010205s2000------------------------eng-d
040 |a STU  |b slo 
041 0 |a eng 
100 1 |a Šebian, Vladimír,  |d 1977-  |4 aut  |u E160  |U FEI Fakulta elektrotechniky a informatiky  |T FEI Katedra jadrovej fyziky a techniky  |X 60903  |U E160  |Y 63  |7 A000060903 
245 1 |a Transmutation potential estimate of reactors VVER - 440 
260 |a Bratislava :  |b STU v Bratislave FEI,  |c 2000 
300 |a 83 s  |c príl. 
650 7 |a Elektroenergetické a silnoprúdové inžinierstvo  |2 stusub 
700 1 |a Dařílek, Petr  |4 ths  |X 47705  |7 A000047705 
700 1 |a Nečas, Vladimír,  |d 1954-  |4 ths  |u E060  |U FEI Fakulta elektrotechniky a informatiky  |T FEI Ústav jadrového a fyzikálneho inžinierstva  |X 1934  |U E060  |Y 817  |7 A000001934